[Event "RUS-ch Silent"]
[Site "Zelenograd"]
[Date "2022.04.14"]
[Round "7"]
[White "Bakurov, Viacheslav"]
[Black "Kozlov, Valery1"]
[Result "1-0"]
[WhiteElo "1791"]
[BlackElo "1740"]
[PlyCount "96"]
[EventDate "2022.04.09"]
[EventType "swiss"]
[EventRounds "11"]
[EventCountry "RUS"]
[SourceTitle "EXT 2023"]
[Source "ChessBase"]
[SourceDate "2022.10.05"]
[SourceVersion "1"]
[SourceVersionDate "2022.10.05"]
[SourceQuality "1"]

1. d4 Nf6 2. Nf3 d5 3. Bf4 c5 4. e3 Nc6 5. c3 Qb6 6. Qc1 Bf5 7. Nbd2 e6 8. h3 h6 9. Ne5 Be7 10. Ndf3 Rc8 11. Bd3 Ne4 12. 0-0 f6 13. Nxc6 Qxc6 14. Qd1 g5 15. Bh2 Kf7 16. Ne1 Bd6 17. f3 Bxh2+ 18. Kxh2 Qc7+ 19. Kg1 Ng3 20. Rf2 Rcg8 21. Bxf5 Nxf5 22. Qd2 h5 23. e4 dxe4 24. fxe4 Ng3 25. Qe3 h4 26. Nd3 cxd4 27. cxd4 Ke7 28. Rc1 Qb6 29. Rfc2 Rd8 30. Rc7+ Rd7 31. Rxd7+ Kxd7 32. Nc5+ Ke7 33. Rc2 Qb5 34. Nd3 Qb6 35. e5 Nf5 36. exf6+ Kf7 37. Ne5+ Kxf6 38. Rf2 Rd8 39. Ng4+ Kg6 40. Qe5 Rf8 41. Kh2 Qc6 42. Qe1 Qd6+ 43. Ne5+ Kg7 44. Qd2 Kh6 45. Kg1 Qc7 46. Nf3 Qe7 47. Re2 Ng3 48. Re5 Rf5 1-0

[Event "RUS-ch Silent"]
[Site "Zelenograd"]
[Date "2017.09.20"]
[Round "3"]
[White "Tubakin, Leonid"]
[Black "Bakurov, Viacheslav"]
[Result "0-1"]
[WhiteElo "1964"]
[BlackElo "1798"]
[PlyCount "92"]
[EventDate "2017.09.19"]
[EventType "swiss"]
[EventRounds "11"]
[EventCountry "RUS"]
[SourceTitle "EXT 2019"]
[Source "ChessBase"]
[SourceDate "2018.10.10"]
[SourceVersion "1"]
[SourceVersionDate "2018.10.10"]
[SourceQuality "1"]

1. Nf3 d6 2. d4 g6 3. c4 Bg7 4. Nc3 Nd7 5. e3 Ngf6 6. Be2 0-0 7. 0-0 b6 8. h3 Bb7 9. Qc2 e5 10. d5 h6 11. e4 Nh5 12. Be3 Nf4 13. Qd2 Nxe2+ 14. Nxe2 Kh7 15. Qc2 a5 16. a3 Nc5 17. b4 Nd7 18. c5 Ba6 19. c6 Nf6 20. Rab1 Bxe2 21. Qxe2 Nxe4 22. Qc4 f5 23. b5 Qe7 24. a4 Rae8 25. Nd2 Nf6 26. Nb3 f4 27. Bc1 Nh5 28. Re1 Qf7 29. Ba3 Nf6 30. Rbd1 Rd8 31. Bc1 Kh8 32. Bb2 g5 33. f3 Rde8 34. Ba1 h5 35. Qd3 g4 36. hxg4 hxg4 37. Kf2 g3+ 38. Ke2 e4 39. Rh1+ Kg8 40. fxe4 Nxe4 41. Kf1 Bxa1 42. Rxa1 f3 43. Ra2 fxg2+ 44. Kxg2 Qg7 45. Re2 Rf2+ 46. Kg1 g2 0-1

[Event "EU Amateur-ch"]
[Site "Kaunas"]
[Date "2015.08.14"]
[Round "7"]
[White "Bakurov, Viacheslav"]
[Black "Zvereva, Margarita"]
[Result "0-1"]
[WhiteElo "1856"]
[BlackElo "1671"]
[PlyCount "51"]
[EventDate "2015.08.09"]
[EventType "swiss"]
[EventRounds "9"]
[EventCountry "LTU"]
[SourceTitle "CBM 167 Extra"]
[Source "ChessBase"]
[SourceDate "2015.09.14"]
[SourceVersion "1"]
[SourceVersionDate "2015.09.14"]
[SourceQuality "1"]

1. d4 d5 2. Bf4 c5 3. e3 cxd4 4. exd4 Nc6 5. c3 Nf6 6. Nd2 g6 7. Ngf3 Bg7 8. Ne5 Nxe5 9. Bxe5 0-0 10. Nf3 Ne4 11. Bxg7 Kxg7 12. h3 Qb6 13. Qb3 Qe6 14. Be2 Rd8 15. Qd1 Rb8 16. 0-0 b5 17. a3 a5 18. Bd3 Qb6 19. Re1 f5 20. Bxe4 dxe4 21. Ne5 Bb7 22. Qd2 Qf6 23. g3 Qxe5 24. Qe3 Qd5 25. Kh2 Ba8 26. Rg1 0-1

[Event "EU Amateur-ch"]
[Site "Kaunas"]
[Date "2015.08.13"]
[Round "6"]
[White "Poska, Karolis"]
[Black "Bakurov, Viacheslav"]
[Result "1-0"]
[WhiteElo "1916"]
[BlackElo "1856"]
[PlyCount "45"]
[EventDate "2015.08.09"]
[EventType "swiss"]
[EventRounds "9"]
[EventCountry "LTU"]
[SourceTitle "CBM 167 Extra"]
[Source "ChessBase"]
[SourceDate "2015.09.14"]
[SourceVersion "1"]
[SourceVersionDate "2015.09.14"]
[SourceQuality "1"]

1. e4 Nc6 2. d4 e5 3. dxe5 Nxe5 4. Nc3 Nf6 5. Bf4 Ng6 6. Bg3 Bb4 7. Bd3 d6 8. Nge2 0-0 9. 0-0 a6 10. h3 Bc5 11. Kh1 Nh5 12. Bh2 Nf6 13. f4 Re8 14. e5 dxe5 15. fxe5 Nxe5 16. Bxe5 Nd7 17. Bg3 Nf8 18. Bc4 Qxd1 19. Bxf7+ Kh8 20. Raxd1 Re3 21. Bf2 Re5 22. Bxc5 Rxc5 23. Rd8 1-0

[Event "EU Amateur-ch"]
[Site "Kaunas"]
[Date "2015.08.10"]
[Round "2"]
[White "Daudaravicius, Adomas"]
[Black "Bakurov, Viacheslav"]
[Result "0-1"]
[WhiteElo "1163"]
[BlackElo "1856"]
[PlyCount "107"]
[EventDate "2015.08.09"]
[EventType "swiss"]
[EventRounds "9"]
[EventCountry "LTU"]
[SourceTitle "CBM 167 Extra"]
[Source "ChessBase"]
[SourceDate "2015.09.14"]
[SourceVersion "1"]
[SourceVersionDate "2015.09.14"]
[SourceQuality "1"]

1. d4 Nc6 2. d5 Ne5 3. Nf3 d6 4. e4 a6 5. Bf4 Ng6 6. Bg3 e5 7. Bd3 Nf6 8. Nbd2 Be7 9. 0-0 0-0 10. c4 c5 11. Qc2 Bd7 12. a4 Rb8 13. Qb3 Qe8 14. a5 Bd8 15. Qc2 b5 16. axb6 Rxb6 17. Ra2 Be7 18. Rfa1 Qc8 19. Nh4 h6 20. h3 Nxh4 21. Bxh4 g5 22. Bg3 Qb7 23. b3 Ra8 24. f3 Rb4 25. Be1 a5 26. Ra3 Rb8 27. Rb1 a4 28. Be2 Nh5 29. Bd1 Nf4 30. Nf1 axb3 31. Raxb3 Rxb3 32. Rxb3 Qxb3 33. Qxb3 Rxb3 34. Bxb3 Ne2+ 35. Kf2 Nd4 36. Bd1 f5 37. Ng3 f4 38. Ne2 Bc8 39. Nxd4 exd4 40. Ke2 Ba6 41. Kd3 Kg7 42. Ba4 Bc8 43. Be8 Kf6 44. Bh5 Bd7 45. Bg4 Be8 46. h4 h5 47. hxg5+ Kxg5 48. Bh3 h4 49. Bg4 Ba4 50. Bh3 Bb3 51. Bf5 Ba2 52. Bd7 Bb1+ 53. Kd2 Ba2 54. Kc1 0-1

[Event "IPCA Wch-B 15th"]
[Site "Bratislava"]
[Date "2015.06.19"]
[Round "1.3"]
[White "Bakurov, Viacheslav"]
[Black "Sergeyev, Alexander"]
[Result "0-1"]
[WhiteElo "1856"]
[BlackElo "2389"]
[PlyCount "57"]
[EventDate "2015.06.19"]
[EventType "swiss"]
[EventRounds "9"]
[EventCountry "SVK"]
[SourceTitle "EXT 2024"]
[Source "ChessBase"]
[SourceDate "2023.10.10"]
[SourceVersion "1"]
[SourceVersionDate "2023.10.10"]
[SourceQuality "1"]

1. e4 e5 2. Nf3 Nf6 3. Nxe5 d6 4. Nf3 Nxe4 5. Nc3 Nxc3 6. dxc3 Nd7 7. Be2 Be7 8. 0-0 0-0 9. c4 Ne5 10. c3 Bf6 11. Bf4 Be6 12. Nd4 Bxc4 13. Bxe5 dxe5 14. Bxc4 exd4 15. cxd4 Bxd4 16. Qb3 Rb8 17. Rad1 Qf6 18. Qa3 Rfd8 19. Rd3 Bxb2 20. Qxa7 Qc6 21. Bb3 Rbc8 22. Rf3 Bf6 23. Qa5 Qe4 24. Re3 Qd4 25. Rfe1 g6 26. Qb5 b6 27. Re4 Qd7 28. Re8+ Rxe8 29. Qxd7 0-1

[Event "Yuzhny FO-ch op"]
[Site "Armavir"]
[Date "2015.02.??"]
[Round "8"]
[White "Levchuk, Liudmila"]
[Black "Bakurov, Viacheslav"]
[Result "1-0"]
[WhiteElo "1750"]
[BlackElo "1888"]
[PlyCount "89"]
[EventDate "2015.02.13"]
[EventType "swiss"]
[EventRounds "9"]
[EventCountry "RUS"]
[SourceTitle "CBM 165 Extra"]
[Source "ChessBase"]
[SourceDate "2015.04.21"]
[SourceVersion "1"]
[SourceVersionDate "2015.04.21"]
[SourceQuality "1"]

1. f4 c5 2. e3 Nc6 3. Nc3 d6 4. b3 Nf6 5. Bb2 a6 6. Nf3 b5 7. a3 Bb7 8. Be2 e6 9. 0-0 Be7 10. Qe1 0-0 11. Nd1 h6 12. Nf2 Qc7 13. Rc1 Rad8 14. Nh3 Nh5 15. g4 Nf6 16. g5 hxg5 17. Nfxg5 e5 18. Qg3 Bc8 19. Rf2 Nh7 20. Nxh7 Kxh7 21. Bd3+ f5 22. Ng5+ Bxg5 23. fxg5 g6 24. Rcf1 Kg8 25. a4 b4 26. e4 f4 27. Qh4 Qh7 28. Qxh7+ Kxh7 29. Bc4 Kg7 30. Rxf4 Rxf4 31. Rxf4 Rf8 32. Rxf8 Kxf8 33. c3 Kg7 34. Kf2 a5 35. Ke3 Nd8 36. Bc1 Be6 37. Kd3 Bh3 38. Bd5 Bf1+ 39. Ke3 Bh3 40. d4 bxc3 41. dxc5 dxc5 42. Kd3 Kf8 43. Ba3 Ke7 44. Bxc5+ Kd7 45. Kxc3 1-0

[Event "Lazarevskoe op"]
[Site "Lazarevskoe"]
[Date "2014.06.18"]
[Round "?"]
[White "Bakurov, Viacheslav"]
[Black "Pozdniakov, Maksim"]
[Result "1-0"]
[WhiteElo "1879"]
[BlackElo "1646"]
[PlyCount "95"]
[EventDate "2014.06.14"]
[EventType "swiss"]
[EventRounds "9"]
[EventCountry "RUS"]
[SourceTitle "EXT 2015"]
[Source "ChessBase"]
[SourceDate "2014.11.20"]
[SourceVersion "1"]
[SourceVersionDate "2014.11.20"]
[SourceQuality "1"]

1. d4 d5 2. Bf4 c6 3. e3 Nf6 4. h3 Nbd7 5. Nf3 e6 6. Bd3 c5 7. c3 Be7 8. Nbd2 c4 9. Bc2 b5 10. 0-0 Bb7 11. Re1 Ne4 12. Nxe4 dxe4 13. Nd2 f5 14. f3 exf3 15. Nxf3 Nf6 16. Be5 0-0 17. Bxf6 gxf6 18. e4 fxe4 19. Bxe4 Bxe4 20. Rxe4 Qd5 21. Qe2 e5 22. dxe5 f5 23. Re3 Bc5 24. Nd4 Bxd4 25. cxd4 Qxd4 26. Rd1 Qc5 27. Kh1 Rad8 28. Rxd8 Rxd8 29. e6 Rd3 30. Rxd3 cxd3 31. Qxd3 Qe5 32. Qd8+ Kg7 33. Qe7+ Kg6 34. Qxa7 Qxe6 35. a3 Kg5 36. Qd4 Kg6 37. Qd2 Qc4 38. Kh2 Qe6 39. g3 Qe4 40. Qg2 Qc4 41. h4 Kf6 42. Qd2 Kg6 43. Qg5+ Kf7 44. Qxf5+ Kg7 45. Qf2 Qd5 46. Qc2 Qe5 47. Qc3 Qxc3 48. bxc3 1-0

[Event "RUS IPCA-ch"]
[Site "Nalchik"]
[Date "2014.05.08"]
[Round "8"]
[White "Marievsky, Maxim"]
[Black "Bakurov, Viacheslav"]
[Result "1-0"]
[WhiteElo "1971"]
[BlackElo "1887"]
[PlyCount "41"]
[EventDate "2014.05.01"]
[EventType "swiss"]
[EventRounds "9"]
[EventCountry "RUS"]
[SourceTitle "CBM 160 Extra"]
[Source "ChessBase"]
[SourceDate "2014.07.01"]
[SourceVersion "1"]
[SourceVersionDate "2014.07.01"]
[SourceQuality "1"]

1. Nf3 Nf6 2. d4 d5 3. c4 e6 4. Nc3 Be7 5. Bg5 0-0 6. e3 c6 7. c5 a5 8. Bd3 b6 9. cxb6 Qxb6 10. Qc2 Ba6 11. Bxh7+ Nxh7 12. Bxe7 Re8 13. Bc5 Qc7 14. h4 Nd7 15. Ba3 e5 16. Nxd5 Qb7 17. Ne7+ Kh8 18. Ng5 g6 19. Nxf7+ Kg7 20. Qxg6+ Kf8 21. Qg8# 1-0

[Event "RUS-ch Silent"]
[Site "Zelenograd"]
[Date "2013.09.25"]
[Round "5"]
[White "Rylov, Vjacheslav"]
[Black "Bakurov, Viacheslav"]
[Result "1/2-1/2"]
[WhiteElo "1976"]
[BlackElo "1910"]
[PlyCount "111"]
[EventDate "2013.09.22"]
[EventType "swiss"]
[EventRounds "11"]
[EventCountry "RUS"]
[SourceTitle "EXT 2016"]
[Source "ChessBase"]
[SourceDate "2015.10.08"]
[SourceVersion "1"]
[SourceVersionDate "2015.10.08"]
[SourceQuality "1"]

1. Nf3 Nc6 2. e3 e5 3. d3 d6 4. Be2 Nge7 5. b3 Ng6 6. Bb2 Be7 7. Nbd2 0-0 8. d4 exd4 9. Nxd4 Nxd4 10. Bxd4 Bf6 11. Bxf6 Qxf6 12. 0-0 Re8 13. Nf3 c6 14. c4 Qe7 15. Bd3 Ne5 16. Be2 Bg4 17. Nxe5 Bxe2 18. Qxe2 Qxe5 19. Rad1 Rad8 20. Rd3 f5 21. Qd2 Re6 22. Qc3 Qxc3 23. Rxc3 d5 24. Rd3 Red6 25. Rfd1 Kf7 26. cxd5 Rxd5 27. Rxd5 cxd5 28. Kf1 Ke6 29. Rc1 Kd6 30. Ke2 b5 31. Kd3 a5 32. Kd4 Re8 33. f3 f4 34. e4 dxe4 35. fxe4 a4 36. b4 Re5 37. Rc2 Rh5 38. h3 Rg5 39. Re2 Re5 40. h4 h6 41. Rf2 g5 42. hxg5 hxg5 43. a3 Re8 44. Rc2 g4 45. Rf2 Rf8 46. e5+ Ke6 47. Ke4 f3 48. gxf3 gxf3 49. Kd4 Rc8 50. Rxf3 Rc4+ 51. Kd3 Kxe5 52. Rh3 Rd4+ 53. Kc3 Rd5 54. Rh5+ Ke4 55. Rxd5 Kxd5 56. Kd3 1/2-1/2

[Event "RUS-ch Silent"]
[Site "Zelenograd"]
[Date "2013.09.22"]
[Round "1"]
[White "Bakurov, Viacheslav"]
[Black "Varezhkin, Viktor"]
[Result "0-1"]
[WhiteElo "1910"]
[BlackElo "2131"]
[PlyCount "80"]
[EventDate "2013.09.22"]
[EventType "swiss"]
[EventRounds "11"]
[EventCountry "RUS"]
[SourceTitle "EXT 2016"]
[Source "ChessBase"]
[SourceDate "2015.10.08"]
[SourceVersion "1"]
[SourceVersionDate "2015.10.08"]
[SourceQuality "1"]

1. e4 d6 2. d4 Nf6 3. Bd3 e5 4. c3 Nc6 5. Ne2 g6 6. 0-0 Bg7 7. h3 0-0 8. d5 Nb8 9. Ng3 Nbd7 10. Be3 h6 11. Nd2 Nxe4 12. Ndxe4 f5 13. f4 fxe4 14. Bxe4 exf4 15. Bxf4 g5 16. Be3 Rxf1+ 17. Nxf1 Qe7 18. Bc2 Be5 19. Qh5 Qg7 20. Qe8+ Nf8 21. Nd2 Qf7 22. Qb5 a6 23. Qd3 Qh7 24. Ne4 Bd7 25. Rf1 Re8 26. Bd4 Bf5 27. Nf6+ Bxf6 28. Rxf5 Bxd4+ 29. Qxd4 Qe7 30. Qf2 Qe1+ 31. Kh2 Qxf2 32. Rxf2 Re5 33. c4 Nd7 34. Kg3 Kg7 35. Kf3 a5 36. a3 Re1 37. Bb3 Ne5+ 38. Kg3 Re3+ 39. Kh2 Rxb3 40. Rc2 b6 0-1

[Event "Zelenograd Silent op"]
[Site "Zelenograd"]
[Date "2013.06.08"]
[Round "7"]
[White "Gerasimov, Aleksander"]
[Black "Bakurov, Viacheslav"]
[Result "1-0"]
[WhiteElo "2188"]
[BlackElo "1886"]
[PlyCount "77"]
[EventDate "2013.06.02"]
[EventType "swiss"]
[EventRounds "9"]
[EventCountry "RUS"]
[SourceTitle "EXT 2015"]
[Source "ChessBase"]
[SourceDate "2014.11.20"]
[SourceVersion "1"]
[SourceVersionDate "2014.11.20"]
[SourceQuality "1"]

1. d4 Nc6 2. Nf3 d6 3. g3 a6 4. Bg2 h6 5. c4 Nf6 6. Nc3 e6 7. 0-0 Be7 8. e4 e5 9. h3 0-0 10. Be3 Nh7 11. d5 Nb8 12. Kh2 Ng5 13. Nd2 Qd7 14. f4 exf4 15. gxf4 Nh7 16. Nf3 f6 17. Qd2 Qe8 18. Rae1 g5 19. Nd4 Qh5 20. Ne6 Bxe6 21. dxe6 Nc6 22. Nd5 Rac8 23. b4 Qe8 24. b5 Nd8 25. f5 axb5 26. cxb5 b6 27. Bf3 Nb7 28. Qe2 Nc5 29. Bh5 Qd8 30. Bd4 Kg7 31. Nb4 c6 32. Nxc6 Qc7 33. Kh1 Ra8 34. Bf7 Rh8 35. Qh5 Nf8 36. Be8 Rh7 37. Qf7+ Kh8 38. Bxf6+ Bxf6 39. Qxf8# 1-0

[Event "Belorechensk Seniors op"]
[Site "Belorechensk"]
[Date "2013.02.19"]
[Round "7"]
[White "Nadozor, Eduard"]
[Black "Bakurov, Viacheslav"]
[Result "1/2-1/2"]
[WhiteElo "2027"]
[BlackElo "1971"]
[PlyCount "56"]
[EventDate "2013.02.13"]
[EventType "swiss"]
[EventRounds "9"]
[EventCountry "RUS"]
[SourceTitle "CBM 153 Extra"]
[Source "ChessBase"]
[SourceDate "2013.04.22"]
[SourceVersion "1"]
[SourceVersionDate "2013.04.22"]
[SourceQuality "1"]

1. d4 Nc6 2. Nf3 a6 3. d5 Nb8 4. e4 d6 5. h3 g6 6. c4 Bg7 7. Nc3 c5 8. Be3 Nf6 9. Qd2 0-0 10. Bh6 e5 11. Bg5 Qc7 12. g4 Nbd7 13. Be2 Nb6 14. 0-0-0 Bd7 15. Rdg1 Na4 16. Nxa4 Nxe4 17. Qe3 Nxg5 18. Nxg5 Bxa4 19. h4 h6 20. Ne4 Bd7 21. h5 g5 22. Nxg5 hxg5 23. h6 Bf6 24. Bd3 Qc8 25. Rh5 Kh8 26. Qe4 Bf5 27. Qxf5 Qxf5 28. Bxf5 b5 1/2-1/2